| 000 | 00846nam a2200277 a 4500 | ||
|---|---|---|---|
| 001 | 7618 | ||
| 003 | BD-RjUL | ||
| 005 | 20211208234439.0 | ||
| 008 | 140115s1977 nyua 001 0 eng | ||
| 020 | _a0471027723 | ||
| 035 | _a(BD-RjUL)7662 | ||
| 040 |
_aLC _beng _cLC _dVERC _dBD-RjUL |
||
| 041 | _aeng | ||
| 082 | 0 | 4 |
_a519.4 _bCHC 1977 |
| 100 | 1 |
_aChambers, John M. _923763 |
|
| 245 | 1 | 0 |
_aComputational methods for data analysis / _cby John M. Chambers. |
| 260 |
_aNew York : _bWiley, _cc1977. |
||
| 300 |
_axi, 268 p. : _bill. ; _c24 cm. |
||
| 490 | 0 | _aWiley series in probability and mathematical statistics | |
| 504 | _aIncludes index. | ||
| 650 | 0 |
_aMathematical statistics _xData processing. _923764 |
|
| 650 | 0 |
_aNumerical analysis _xData processing. _922429 |
|
| 942 |
_2ddc _cBK |
||
| 999 |
_c7618 _d7618 |
||